[Event "BRA-ch U18"]
[White "Nascimento, Lucas George Olivei"]
[Black "Levermann, Bernardo Frantz"]
[Site "Aracaju"]
[Round "1"]
[Result "0-1"]
[Date "2024.05.22"]
[WhiteElo "1813"]
[BlackElo "1900"]
[PlyCount "44"]
[EventDate "2024.05.22"]
[EventType "swiss"]
[EventRounds "6"]
[EventCountry "BRA"]
[SourceTitle "CBM 220 Extra"]
[Source "ChessBase"]
[SourceDate "2024.07.31"]
[SourceVersion "1"]
[SourceVersionDate "2024.07.31"]
[SourceQuality "1"]

1. c4 e6 2. g3 Nf6 3. Bg2 Be7 4. e4 d5 5. cxd5 exd5 6. e5 Ne4 7. d4 0-0 8. Nf3 Bg4 9. h3 Bh5 10. 0-0 c5 11. Be3 cxd4 12. Bxd4 Nc6 13. Nc3 Nxd4 14. Qxd4 Bc5 15. Qxd5 Qxd5 16. Nxd5 Nxg3 17. Rfe1 Nf5 18. b4 Ne7 19. Nxe7+ Bxe7 20. Rac1 Rae8 21. Nd4 Bg6 22. Bxb7 Bxb4 0-1

[Event "Brasilia JEBS op"]
[White "De Souza, Joao Francisco Biz"]
[Black "Levermann, Bernardo Frantz"]
[Site "Brasilia"]
[Round "2"]
[Result "0-1"]
[Date "2023.10.28"]
[WhiteElo "1535"]
[BlackElo "1803"]
[PlyCount "70"]
[EventDate "2023.10.28"]
[EventType "swiss"]
[EventRounds "6"]
[EventCountry "BRA"]
[SourceTitle "CBM 216 Extra"]
[Source "ChessBase"]
[SourceDate "2023.11.30"]
[SourceVersion "1"]
[SourceVersionDate "2023.11.30"]
[SourceQuality "1"]

1. d4 e6 2. c4 d5 3. Nc3 Nf6 4. Nf3 Be7 5. Bf4 0-0 6. h3 b6 7. e3 Ba6 8. Qb3 Nc6 9. Qa4 Bb7 10. a3 Na5 11. c5 Bc6 12. Bb5 Bxb5 13. Nxb5 Nc4 14. b4 Qd7 15. Nc3 c6 16. 0-0 a5 17. Qb3 Qb7 18. Rfb1 Nd7 19. Na4 Ra7 20. cxb6 Ndxb6 21. Nc5 Qa8 22. b5 a4 23. Qc3 Rc8 24. bxc6 Rxc6 25. Qb4 Qc8 26. Ne5 Nxe5 27. Bxe5 Nc4 28. Bb8 Ra8 29. Qb7 Qxb7 30. Rxb7 Bxc5 31. dxc5 Rxc5 32. Bg3 Re8 33. Rb4 Nd2 34. Bd6 Nb3 35. Rb7 Nxa1 0-1